[Event "Olomouc Chess Summer 2024 - D2"]
[Site "Olomouc (CZE), Hotel Flora"]
[Date "2024.08.14"]
[Round "6"]
[Board "16"]
[White "Franc, Lubor"]
[Black "Siebenburger, Vlastimil"]
[Result "0-1"]
[WhiteElo "1838"]
[BlackElo "1943"]
[PlyCount "0"]
[EventDate "2024.08.10"]
[EventRounds "9"]
[EventCountry "CZE"]

1. e4 c5 2. Nf3 Nc6 3. g3 g6 4. d4 cxd4 5. Nxd4 Bg7 6. Nb3 d6 7. Bg2 Nf6 8. h3 Be6
9. O-O Qd7 10. Kh2 h5 11. Nc3 h4 12. g4 Nxg4+ 13. hxg4 h3 14. Bf3 Be5+ 15. Kh1 O-O-O
16. Be2 f5 17. g5 fxe4 18. Nxe4 Rdf8 19. f4 Bg7 20. Nf2 Rh4 21. Rg1 Ne5 22. Kh2 Nf7
23. Bg4 Nxg5 24. Bxe6 Nxe6 25. Rxg6 Nxf4 26. Rxg7 Nh5 27. Bg5 Rxf2+ 28. Kg1 Rg2+
29. Kh1 Ng3#  0-1

[Event "Olomouc Chess Summer 2024 - D2"]
[Site "Olomouc (CZE), Hotel Flora"]
[Date "2024.08.14"]
[Round "6"]
[Board "17"]
[White "Papay, Jindrich"]
[Black "Lizner, Milan"]
[Result "1-0"]
[WhiteElo "1941"]
[BlackElo "1820"]
[PlyCount "0"]
[EventDate "2024.08.10"]
[EventRounds "9"]
[EventCountry "CZE"]

1. f4 f5 2. Nf3 Nf6 3. g3 g6 4. Bg2 Bg7 5. c3 c6 6. Qb3 d5 7. d4 Qc7 8. O-O O-O 9.
c4 e6 10. Nc3 Nbd7 11. Ne5 Nxe5 12. fxe5 Nd7 13. cxd5 cxd5 14. Bg5 Qb6 15. e3 Qxb3
16. axb3 a6 17. Nb5 Nb6 18. Nd6 Bd7 19. Nxb7 Rfb8 20. Nc5 Bb5 21. Rfc1 Kf7 22. h4
h6 23. Bf4 Bf8 24. Bf1 Nc8 25. Nxa6 Rb6 26. Nc7 Rxa1 27. Rxa1 Bxf1 28. Kxf1 Rxb3
29. Ra8 Nb6 30. Rb8 Rxb2 31. Nxe6 Be7 32. Nd8+  1-0

[Event "Olomouc Chess Summer 2024 - D2"]
[Site "Olomouc (CZE), Hotel Flora"]
[Date "2024.08.14"]
[Round "6"]
[Board "18"]
[White "Hruska, Vladimir"]
[Black "Kolek, Josef"]
[Result "1/2-1/2"]
[WhiteElo "1892"]
[BlackElo "1853"]
[PlyCount "0"]
[EventDate "2024.08.10"]
[EventRounds "9"]
[EventCountry "CZE"]

1. e4 d6 2. d4 g6 3. Nc3 Bg7 4. Be3 Nf6 5. Qd2 Nc6 6. h3 O-O 7. f4 e5 8. dxe5 dxe5
9. O-O-O Qxd2+ 10. Rxd2 exf4 11. Bxf4 Re8 12. Rd1 a6 13. Bxc7 Nxe4 14. Nxe4 Rxe4
15. Bd3 Re8 16. Nf3 Be6 17. a3 Rac8 18. Bf4 Rcd8  1/2-1/2

[Event "Olomouc Chess Summer 2024 - D2"]
[Site "Olomouc (CZE), Hotel Flora"]
[Date "2024.08.14"]
[Round "6"]
[Board "19"]
[White "Reichmann, Pavel"]
[Black "Kulhavy, Frantisek"]
[Result "1/2-1/2"]
[WhiteElo "1786"]
[BlackElo "1889"]
[PlyCount "0"]
[EventDate "2024.08.10"]
[EventRounds "9"]
[EventCountry "CZE"]

1. e4 c5 2. c3 d5 3. exd5 Qxd5 4. d4 Nc6 5. dxc5 Qxd1+ 6. Kxd1 Bf5 7. Be3 Nf6 8.
Bc4 e6 9. Nf3 Ng4 10. b4 a5 11. Bb5 Be7 12. Nd4 O-O-O 13. Bxc6 bxc6 14. Kc1 Kc7 15.
Nxf5 exf5 16. Bf4+ Kb7 17. Be3 axb4 18. Bd4 Rhe8 19. f3 Nf6 20. Rd1 Nd5 21. cxb4
Nf4 22. Nc3 Bg5 23. Kc2 Nxg2 24. Kb3 f6 25. a4 Nf4 26. b5 Ne6 27. Bf2  1/2-1/2

[Event "Olomouc Chess Summer 2024 - D2"]
[Site "Olomouc (CZE), Hotel Flora"]
[Date "2024.08.14"]
[Round "6"]
[Board "20"]
[White "Zitek, Jiri"]
[Black "Tejkal, Jiri"]
[Result "1/2-1/2"]
[WhiteElo "1773"]
[BlackElo "1882"]
[PlyCount "0"]
[EventDate "2024.08.10"]
[EventRounds "9"]
[EventCountry "CZE"]

1. e4 c5 2. Nf3 Nc6 3. d4 cxd4 4. Nxd4 Nf6 5. Nc3 d6 6. g3 Bg4 7. f3 Bd7 8. Be3 g6
9. Bg2 Bg7 10. O-O O-O 11. Nde2 Rc8 12. h3 Qa5 13. f4 b5 14. a3 a6 15. g4 Be6 16.
Nd5 Bxd5 17. exd5 Nb8 18. c3 Qc7 19. Qd3 Qc4 20. Rad1 Qxd3 21. Rxd3 Nfd7 22. Rfd1
Nc5 23. Bxc5 Rxc5 24. Ng3 Nd7 25. Re3 Re8 26. Ne4 Rcc8 27. Rde1 Kf8 28. Kf2 Nb6 29.
Nd2 Na4 30. Rb1 Nb6 31. Kg3 h6 32. Re2 g5 33. fxg5 hxg5 34. Nb3 Be5+ 35. Kf2 Rc4
36. Na5 Rf4+ 37. Kg1 f6 38. Nc6  1/2-1/2

[Event "Olomouc Chess Summer 2024 - D2"]
[Site "Olomouc (CZE), Hotel Flora"]
[Date "2024.08.14"]
[Round "6"]
[Board "21"]
[White "Svec, Ludek"]
[Black "Tylecek, Drahomir"]
[Result "1/2-1/2"]
[WhiteElo "1722"]
[BlackElo "1881"]
[PlyCount "0"]
[EventDate "2024.08.10"]
[EventRounds "9"]
[EventCountry "CZE"]

1. d4 Nf6 2. Nf3 d5 3. g3 Bf5 4. Bg2 e6 5. O-O Be7 6. c4 O-O 7. Nc3 Nbd7 8. Ne5 c6
9. Qb3 Nxe5 10. dxe5 Ng4 11. Qxb7 Nxe5 12. cxd5 cxd5 13. e4 Rb8 14. Qxa7 dxe4 15.
Rd1 Nd3 16. Bxe4 Bc5 17. Qa6 Nb4 18. Qe2 Qf6 19. a3 Nd5 20. Bxd5 exd5 21. Nxd5 Qe6
22. Be3 Rb3 23. Rdc1 Bg4 24. Qd2 Bd6 25. Nf4 Qd7  1/2-1/2

[Event "Olomouc Chess Summer 2024 - D2"]
[Site "Olomouc (CZE), Hotel Flora"]
[Date "2024.08.15"]
[Round "7"]
[Board "1"]
[White "Sejkora, Vlastimil"]
[Black "Keprt, Pavel"]
[Result "1-0"]
[WhiteElo "2112"]
[BlackElo "1954"]
[PlyCount "0"]
[EventDate "2024.08.10"]
[EventRounds "9"]
[EventCountry "CZE"]

1. c4 e5 2. Nc3 f5 3. e4 Nf6 4. exf5 d5 5. cxd5 Bxf5 6. Bb5+ Nbd7 7. d4 exd4 8. Qxd4
a6 9. Qe5+ Qe7 10. Qxe7+ Bxe7 11. Be2 O-O-O 12. Be3 Ne5 13. O-O-O Neg4 14. Bd3 Bxd3
15. Rxd3 c6 16. Bb6 Rd7 17. Nf3 Nxd5 18. Nxd5 Rxd5 19. Rxd5 cxd5 20. Rd1 Nf6 21.
Ne5 Re8 22. f4 Bd6 23. Bd4 b5 24. g3 Bf8 25. Rd2 Kb7 26. Rc2 Rc8 27. Nf7 Rxc2+ 28.
Kxc2 Kc6 29. Ng5 Kd6 30. Bxf6 gxf6 31. Nxh7 Bg7 32. g4 Ke6 33. b3 Kf7 34. g5 f5 35.
Nf6 Ke6 36. Nh5 Bd4 37. Kd3 Bg1 38. Ng7+ Kf7 39. Nxf5 Bxh2 40. Ke3 Bg1+ 41. Kf3 Ke6
42. g6 Bc5 43. g7 Kf7 44. Ne3 d4 45. Ng4 Kxg7 46. Ke4 Ba7 47. b4 Bb6 48. Ne5 a5 49.
Nd7 Bc7 50. Nc5 d3 51. Nxd3 Kf6 52. Kd5 axb4 53. Kc6 Bd8 54. Kxb5 Kf5 55. Kxb4 Ke4
56. Kc4 Bb6 57. a4 Bg1 58. Nc5+ Kxf4 59. a5  1-0

[Event "Olomouc Chess Summer 2024 - D2"]
[Site "Olomouc (CZE), Hotel Flora"]
[Date "2024.08.15"]
[Round "7"]
[Board "2"]
[White "Beil, Zdenek"]
[Black "Kamminga, Rob"]
[Result "1-0"]
[WhiteElo "2185"]
[BlackElo "1998"]
[PlyCount "0"]
[EventDate "2024.08.10"]
[EventRounds "9"]
[EventCountry "CZE"]

1. d4 Nf6 2. c4 c5 3. d5 b5 4. cxb5 a6 5. bxa6 Bxa6 6. Nc3 d6 7. Nf3 g6 8. g3 Bg7
9. Bg2 O-O 10. O-O Nbd7 11. Qc2 Qa5 12. Rd1 Rfb8 13. Rb1 Ne8 14. Bd2 Nc7 15. a4 Rb7
16. e4 Rab8 17. Bh3 Ne5 18. Nxe5 Bxe5 19. Bd7 Qb6 20. b3 Ra7 21. Bc6 Bb7 22. Nb5
Nxb5 23. axb5 Rba8 24. Bc3 f6 25. Bxe5 fxe5 26. Qc3 Ra2 27. Rd2 R2a3 28. Qc4 Rf8
29. Kg2 Bc8 30. h3 Bb7 31. Rbb2 Rfa8 32. b4 cxb4 33. Rxb4 R8a7 34. Bd7 Kg7 35. Be6
Ra8 36. Rc2 Qa5 37. Rb1 Qd8 38. Qc7 Qf8 39. Qxb7 Qf3+ 40. Kh2 R3a7 41. Qb6 Ra1 42.
Rcc1 R1a2 43. Kg1  1-0

[Event "Olomouc Chess Summer 2024 - D2"]
[Site "Olomouc (CZE), Hotel Flora"]
[Date "2024.08.15"]
[Round "7"]
[Board "3"]
[White "Petras, Milan"]
[Black "Urban, Zdenek"]
[Result "1-0"]
[WhiteElo "1985"]
[BlackElo "2167"]
[PlyCount "0"]
[EventDate "2024.08.10"]
[EventRounds "9"]
[EventCountry "CZE"]

1. d4 Nf6 2. c4 e6 3. Nc3 Bb4 4. Qc2 d5 5. cxd5 exd5 6. Bg5 c6 7. e3 h6 8. Bh4 O-O
9. Bd3 Nbd7 10. Nge2 Re8 11. a3 Be7 12. b4 b5 13. Bg3 a5 14. Nxb5 Qb6 15. Nc7 Bb7
16. Nxe8 Nxe8 17. O-O axb4 18. axb4 Nd6 19. Rxa8+ Bxa8 20. Qa4 Bb7 21. Qa5 Nc4 22.
Qxb6 Ndxb6 23. Ra1 Bxb4 24. Ra7 Bc8 25. Bxc4 dxc4 26. Bc7 Bg4 27. f3 Nd5 28. fxg4
Bd2 29. e4 Nf6 30. Bf4 Bb4 31. e5 Nd5 32. Bc1 c5 33. Rd7 Nb6 34. Rd8+ Kh7 35. d5
c3 36. d6 c4 37. d7 Be7 38. Rc8 Nxd7 39. Rc7 Bc5+ 40. Kf1 Nxe5 41. Rxc5 f6 42. h3
Kg6 43. Bf4  1-0

[Event "Olomouc Chess Summer 2024 - D2"]
[Site "Olomouc (CZE), Hotel Flora"]
[Date "2024.08.15"]
[Round "7"]
[Board "4"]
[White "Kubicek, Antonin"]
[Black "Spanton, Tim R"]
[Result "0-1"]
[WhiteElo "2084"]
[BlackElo "1980"]
[PlyCount "0"]
[EventDate "2024.08.10"]
[EventRounds "9"]
[EventCountry "CZE"]

1. Nf3 d5 2. g3 c5 3. Bg2 Nc6 4. O-O Nf6 5. d3 e5 6. Nbd2 Be7 7. e4 O-O 8. exd5 Nxd5
9. Nc4 f6 10. a4 Be6 11. c3 Qd7 12. Re1 Rfd8 13. Qc2 Nc7 14. Re3 Nd5 15. Re2 Nc7
16. Ne1 Bg4 17. Rd2 Rab8 18. Ne3 Be6 19. b3 Rbc8 20. Rb1 Na5 21. Rd1 b6 22. Bd2 Nc6
23. Nc4 Bg4 24. f3 Bf5 25. Be3 Nd5 26. Bf2 Qc7 27. Rbc1 Bf8 28. Bh1 g6 29. Qd2 h5
30. Rc2 Kh7 31. Qe2 Bh6 32. Ng2 Bg5 33. Nge3 Be6 34. Nxd5 Bxd5 35. Be3 Bxe3+ 36.
Qxe3 Bxc4 37. bxc4 Rd6 38. Rf2 Qd7 39. f4 exf4 40. Qxf4 Rd8 41. Re1 Ne5 42. Be4 Qg4
43. Qe3 Re6 44. Ref1 Nxc4 45. Qc1 Nd6 46. Bd5 Re5 47. c4 Qd4 48. Qf4 Qxf4 49. Rxf4
f5 50. h3 Re3 51. R4f3 Rde8 52. Kg2 Kg7 53. a5 Re2+ 54. R3f2 Rxf2+ 55. Kxf2 Kf6 56.
axb6 axb6 57. Rb1 Rb8 58. Re1 Re8 59. Rb1 Rb8 60. Kf3 g5 61. h4 gxh4 62. gxh4 b5
63. Re1 b4 64. Re6+ Kg7 65. d4 b3 66. dxc5 b2 67. Re1 Nxc4 68. Bxc4 b1=Q 69. Rxb1
Rxb1 70. Ke3 Kf6 71. Be2 Rc1 72. Kd4 Rh1 73. Kd5 Rxh4 74. Kd6 Rd4+ 75. Kc7 h4 76.
c6 h3 77. Kb8 Rb4+ 78. Ka7 Rb2 79. c7 Rc2 80. Kb8 Ke5 81. c8=Q Rxc8+ 82. Kxc8 Ke4
83. Bb5 f4 84. Bc6+ Ke3  0-1

[Event "Olomouc Chess Summer 2024 - D2"]
[Site "Olomouc (CZE), Hotel Flora"]
[Date "2024.08.15"]
[Round "7"]
[Board "5"]
[White "Fleuren, Jan"]
[Black "Ortoft, Kai"]
[Result "1/2-1/2"]
[WhiteElo "2049"]
[BlackElo "1968"]
[PlyCount "0"]
[EventDate "2024.08.10"]
[EventRounds "9"]
[EventCountry "CZE"]

1. e4 d6 2. d4 Nf6 3. Nc3 c6 4. a4 Qa5 5. Bd3 e5 6. Nge2 Be7 7. h3 O-O 8. O-O Nbd7
9. Bd2 Qc7 10. Re1 a5 11. g4 h6 12. dxe5 dxe5 13. Ng3 Re8 14. Nf5 Bf8 15. Qf3 Qd8
16. Rad1 Nh7 17. Bc4 Qf6 18. Be3 Nc5 19. Kg2 Be6 20. Bxe6 Qxe6 21. Qe2 Red8 22. b3
 1/2-1/2

[Event "Olomouc Chess Summer 2024 - D2"]
[Site "Olomouc (CZE), Hotel Flora"]
[Date "2024.08.15"]
[Round "7"]
[Board "6"]
[White "Bjornes, Leif"]
[Black "Kisa, Lubomir"]
[Result "1/2-1/2"]
[WhiteElo "1909"]
[BlackElo "2188"]
[PlyCount "0"]
[EventDate "2024.08.10"]
[EventRounds "9"]
[EventCountry "CZE"]

1. d4 Nf6 2. c4 c5 3. d5 b5 4. cxb5 a6 5. f3 e6 6. e4 d6 7. Nc3 Be7 8. Bc4 O-O 9.
Nge2 axb5 10. Nxb5 exd5 11. exd5 Nbd7 12. O-O Nb6 13. b3 Nfd7 14. Bb2 Nxc4 15. bxc4
Nb6 16. Qb3 Na4 17. Nec3 Nxb2 18. Qxb2 Bf6 19. a4 Bf5 20. Qd2 Qa5 21. Ra2 Qb4 22.
Ne4 Rxa4 23. Rxa4 Qxa4 24. Nxf6+ gxf6 25. Nxd6  1/2-1/2

[Event "Olomouc Chess Summer 2024 - D2"]
[Site "Olomouc (CZE), Hotel Flora"]
[Date "2024.08.15"]
[Round "7"]
[Board "7"]
[White "Bartos, Alois"]
[Black "Lorenc, Oldrich"]
[Result "1/2-1/2"]
[WhiteElo "1931"]
[BlackElo "2013"]
[PlyCount "0"]
[EventDate "2024.08.10"]
[EventRounds "9"]
[EventCountry "CZE"]

1. e4 d6 2. d4 Nf6 3. Nc3 g6 4. Be3 c6 5. h3 Qa5 6. Bd3 Nbd7 7. Nf3 b5 8. O-O b4
9. Ne2 Bg7 10. Qd2 c5 11. Ng3 e5 12. dxe5 dxe5 13. Bh6 O-O 14. Bxg7 Kxg7 15. Qe2
Qc7 16. Nd2 Bb7 17. Nc4 Nb6 18. Na5 Rad8 19. Nxb7 Qxb7 20. Ba6 Qc7 21. a3 Rd4 22.
c3 bxc3 23. bxc3 Rd6 24. Rad1 Rfd8 25. Rxd6 Qxd6 26. Bb5 c4 27. Bxc4 Qc5 28. Bb3
Qxc3 29. Qc2 Qxc2 30. Bxc2 Rc8 31. Bb3 h5 32. h4 Rc5 33. Re1 Rb5 34. Re3 a5 35. f3
Nfd7 36. Rc3 a4 37. Bc2 Rc5 38. Ne2 Kf6  1/2-1/2

[Event "Olomouc Chess Summer 2024 - D2"]
[Site "Olomouc (CZE), Hotel Flora"]
[Date "2024.08.15"]
[Round "7"]
[Board "8"]
[White "Dvorak, Vladimir"]
[Black "Stancak, Andrej"]
[Result "1/2-1/2"]
[WhiteElo "1931"]
[BlackElo "1986"]
[PlyCount "0"]
[EventDate "2024.08.10"]
[EventRounds "9"]
[EventCountry "CZE"]

1. e4 c5 2. d4 cxd4 3. c3 dxc3 4. Nxc3 Nc6 5. Nf3 d6 6. Bc4 a6 7. O-O Nf6 8. h3 e6
9. Qe2 Be7 10. Rd1 Qc7 11. Bf4 O-O 12. Rac1 Qb8 13. a4 Ne5 14. Ba2 Ng6 15. Be3 Re8
16. Nd4 Bd7 17. f4 Bf8 18. Qf2 b5 19. axb5 axb5 20. b4 Qb7 21. Bb1 e5 22. Nf5 Bc6
23. Nxd6 Bxd6 24. Rxd6 exf4 25. Bxf4 Nxe4 26. Nxe4 Bxe4 27. Bxe4 Rxe4 28. Bg3 Rae8
29. Rcd1 Qe7 30. Rd7 Qe6 31. R1d6 Qc4 32. Rd5 f6 33. Qa7 R4e7 34. Rd4 Rxd7 35. Qxd7
Qc1+ 36. Kh2 Qe3 37. Qd5+ Kh8 38. Rd3 Qe4 39. Qxb5 h6 40. Qd7 Kh7 41. b5 Kg8 42.
Qd5+  1/2-1/2

[Event "Olomouc Chess Summer 2024 - D2"]
[Site "Olomouc (CZE), Hotel Flora"]
[Date "2024.08.15"]
[Round "7"]
[Board "9"]
[White "Mlynek, Petr"]
[Black "Papay, Jindrich"]
[Result "1/2-1/2"]
[WhiteElo "1979"]
[BlackElo "1941"]
[PlyCount "0"]
[EventDate "2024.08.10"]
[EventRounds "9"]
[EventCountry "CZE"]

1. d4 f5 2. Nf3 Nf6 3. c4 g6 4. g3 Bg7 5. Bg2 O-O 6. O-O c6 7. Nc3 d6 8. Be3 Ng4
9. Qb3 Nxe3 10. fxe3 e6 11. e4 Nd7 12. Rad1 Qe7 13. Qa3 Re8 14. Rfe1 Nb6 15. Qb3
fxe4 16. Nxe4 d5 17. Ned2 Kh8 18. e4 dxc4 19. Nxc4 Nd7 20. e5 Nb6 21. Nfd2 Nd5 22.
Ne4 b5 23. Ncd6 Rf8 24. Rf1 Bd7 25. h4 a5 26. Ng5 Rxf1+ 27. Rxf1 Rf8 28. Ngf7+ Kg8
29. Bh3 Nc7 30. Qc3 b4 31. Qc5 Be8 32. Ng5 Rxf1+ 33. Kxf1 h6 34. Nxe8 Qxe8 35. Qxa5
Qe7 36. Ne4 Nb5 37. Qb6 Qd7 38. a4 bxa3 39. bxa3 Qxd4 40. Qxd4 Nxd4 41. Nf6+ Kf7
42. a4 Bf8 43. Nd7 Bb4 44. Kf2 Nb3 45. Ke3 Be1 46. Kf3 Na5 47. Nc5 Bc3 48. Bxe6+
Ke7 49. Ba2 Bxe5 50. Nb3 Nxb3 51. Bxb3 Bc7 52. g4 Kf6 53. Ke4 Bb6 54. Kd3 Bf2 55.
h5 gxh5 56. gxh5 Ke5 57. a5 Kd6  1/2-1/2

[Event "Olomouc Chess Summer 2024 - D2"]
[Site "Olomouc (CZE), Hotel Flora"]
[Date "2024.08.15"]
[Round "7"]
[Board "10"]
[White "Green, Per"]
[Black "Svub, Jan"]
[Result "1-0"]
[WhiteElo "1960"]
[BlackElo "1882"]
[PlyCount "0"]
[EventDate "2024.08.10"]
[EventRounds "9"]
[EventCountry "CZE"]

1. c4 e6 2. g3 d5 3. Bg2 Nf6 4. Nf3 Be7 5. d4 O-O 6. O-O b6 7. cxd5 exd5 8. Nc3 Bb7
9. Ne5 Nbd7 10. Qa4 Nb8 11. Bg5 h6 12. Bxf6 Bxf6 13. Rfd1 c6 14. e4 dxe4 15. Nxe4
Bxe5 16. dxe5 Qc7 17. Nd6 Bc8 18. Nxc8 Rxc8 19. Rd6 a5 20. Rc1 b5 21. Qg4 Ra6 22.
Rxh6 c5 23. Rxa6 Nxa6 24. e6 Rd8 25. exf7+ Qxf7 26. Qg5 Rd6 27. a3 Qd7 28. Bf3 Rf6
29. Rd1 Qe8 30. Bh5 Qe6 31. Bg4 Qe8 32. Qd5+ Qf7 33. Qd2 b4 34. Bc8 Nc7 35. Qd8+
Kh7 36. Qd3+ Kg8 37. Qd2 Kh8 38. Bb7 Ne6 39. Bd5 Qd7 40. Bxe6 Qxd2 41. Rxd2 Rxe6
42. axb4 cxb4 43. Rd8+ Kh7 44. Ra8 Re2 45. Rxa5 Rxb2 46. Ra6 b3 47. h4 Rb1+ 48. Kg2
b2 49. Rb6 g6 50. Kf3 Kg7 51. Kg4 Kf8 52. Rb7 Ra1 53. Rxb2 Kf7 54. Rb5 Rf1 55. f4
Rg1 56. h5 gxh5+ 57. Rxh5 Kg6 58. Ra5 Kf6 59. Ra6+ Kg7 60. f5 Kf7 61. Kf4  1-0

[Event "Olomouc Chess Summer 2024 - D2"]
[Site "Olomouc (CZE), Hotel Flora"]
[Date "2024.08.15"]
[Round "7"]
[Board "11"]
[White "Brousek, Jiri"]
[Black "Marek, Jiri"]
[Result "0-1"]
[WhiteElo "1822"]
[BlackElo "1948"]
[PlyCount "0"]
[EventDate "2024.08.10"]
[EventRounds "9"]
[EventCountry "CZE"]

1. d4 d5 2. Nf3 Nf6 3. e3 c6 4. Bd3 Bg4 5. O-O Nbd7 6. h3 Bh5 7. c4 e5 8. dxe5 Nxe5
9. Be2 Bxf3 10. gxf3 dxc4 11. Qc2 Qd7 12. Kg2 Be7 13. Bxc4 Nxc4 14. Qxc4 Qd5 15.
Qxd5 Nxd5 16. Bd2 Bf6 17. Nc3 Nxc3 18. Bxc3 Bxc3 19. bxc3 O-O-O 20. a4 Rd3 21. Rfc1
Rhd8 22. Ra2 R8d6 23. f4 Rd2 24. Rxd2 Rxd2 25. Ra1 Rc2 26. Ra3 Kc7 27. a5 c5 28.
Kf3 Kc6 29. e4 c4 30. Ke3 Kc5 31. h4 Rc1 32. Kf3 Rb1 33. Ke3 Rh1 34. Ra2 Re1+ 35.
Kf3 Rd1 36. Ke2 Rd3 37. Ra3 Rh3 38. f3 Rxh4  0-1

[Event "Olomouc Chess Summer 2024 - D2"]
[Site "Olomouc (CZE), Hotel Flora"]
[Date "2024.08.15"]
[Round "7"]
[Board "12"]
[White "Siebenburger, Vlastimil"]
[Black "Chubar, Vladimir"]
[Result "1-0"]
[WhiteElo "1943"]
[BlackElo "1877"]
[PlyCount "0"]
[EventDate "2024.08.10"]
[EventRounds "9"]
[EventCountry "CZE"]

1. e4 g6 2. d4 e6 3. Nf3 Ne7 4. h4 d5 5. e5 h5 6. Bg5 Bg7 7. Qd2 Qd7 8. c4 c6 9.
Nc3 Nf5 10. Bd3 b6 11. O-O Ba6 12. b3 O-O 13. Rfe1 c5 14. dxc5 bxc5 15. Bxf5 gxf5
16. cxd5 exd5 17. Nxd5 Bb7 18. Bf6 Kh7 19. Bxg7 Kxg7 20. Qg5+ Kh8 21. Qh6+  1-0

[Event "Olomouc Chess Summer 2024 - D2"]
[Site "Olomouc (CZE), Hotel Flora"]
[Date "2024.08.15"]
[Round "7"]
[Board "13"]
[White "Kolek, Josef"]
[Black "Tarakanov, Oleg"]
[Result "0-1"]
[WhiteElo "1853"]
[BlackElo "2108"]
[PlyCount "0"]
[EventDate "2024.08.10"]
[EventRounds "9"]
[EventCountry "CZE"]

1. e4 e5 2. Nf3 Nc6 3. Bb5 a6 4. Ba4 f5 5. d3 Nf6 6. Nc3 Bb4 7. Bd2 d6 8. Qe2 O-O
9. Bb3+ Kh8 10. O-O-O a5 11. a3 Bxc3 12. Bxc3 b5 13. Bd2 fxe4 14. dxe4 Ba6 15. Qe1
b4 16. a4 Qe8 17. Bg5 Rc8 18. h3 Nd7 19. Be3 Qg6 20. Bd5 Ne7 21. Nh4 Qf6 22. f3 Nxd5
23. Rxd5 c5 24. b3 Bb7 25. Rd1 d5 26. exd5 g5  0-1

[Event "Olomouc Chess Summer 2024 - D2"]
[Site "Olomouc (CZE), Hotel Flora"]
[Date "2024.08.15"]
[Round "7"]
[Board "14"]
[White "Musil, Vitezslav"]
[Black "Fiser, Jiri"]
[Result "1-0"]
[WhiteElo "1904"]
[BlackElo "1883"]
[PlyCount "0"]
[EventDate "2024.08.10"]
[EventRounds "9"]
[EventCountry "CZE"]

1. e4 c5 2. Nf3 Nc6 3. Nc3 g6 4. g3 Bg7 5. Bg2 e6 6. O-O Nge7 7. d3 O-O 8. Bg5 h6
9. Be3 d6 10. Qd2 Kh7 11. Rab1 e5 12. Ne1 Rb8 13. f4 Be6 14. Nd5 f5 15. c4 Bxd5 16.
cxd5 Nd4 17. fxe5 dxe5 18. Nf3 Qd6 19. Bxd4 cxd4 20. Rbc1 Rbc8 21. Rxc8 Rxc8 22.
Nh4 Rf8 23. Rc1 Bf6 24. Qa5 Bxh4 25. gxh4 Rc8 26. Rxc8 Nxc8 27. Qb5 Qc7 28. Qc4 Qxc4
29. dxc4 fxe4 30. c5 d3 31. Bxe4 d2 32. Bc2 Ne7 33. d6 Nc6 34. Kf2 Kg7 35. Ke2 Kf6
36. Be4 Nd8 37. b4 Ke6 38. Kxd2  1-0

[Event "Olomouc Chess Summer 2024 - D2"]
[Site "Olomouc (CZE), Hotel Flora"]
[Date "2024.08.15"]
[Round "7"]
[Board "15"]
[White "Kruska, Vladimir"]
[Black "Jenssen, Ove S"]
[Result "1/2-1/2"]
[WhiteElo "1893"]
[BlackElo "1857"]
[PlyCount "0"]
[EventDate "2024.08.10"]
[EventRounds "9"]
[EventCountry "CZE"]

1. c4 c6 2. Nf3 e6 3. Nc3 d5 4. e3 Nf6 5. d4 Bd6 6. Bd3 dxc4 7. Bxc4 Nbd7 8. O-O
O-O 9. Re1 e5 10. e4 h6 11. d5 Nb6 12. Bb3 Bg4  1/2-1/2

[Event "Olomouc Chess Summer 2024 - D2"]
[Site "Olomouc (CZE), Hotel Flora"]
[Date "2024.08.15"]
[Round "7"]
[Board "16"]
[White "Lexa, Vaclav"]
[Black "Hruska, Vladimir"]
[Result "0-1"]
[WhiteElo "1844"]
[BlackElo "1892"]
[PlyCount "0"]
[EventDate "2024.08.10"]
[EventRounds "9"]
[EventCountry "CZE"]

1. d4 Nf6 2. c4 e6 3. Nc3 d5 4. cxd5 exd5 5. e3 Be7 6. Qc2 Bg4 7. Bd3 Nbd7 8. f3
Bh5 9. Nge2 Bg6 10. e4 dxe4 11. fxe4 c6 12. O-O O-O 13. Bd2 Nh5 14. Nf4 Nxf4 15.
Bxf4 Bf6 16. Ne2 Bg5 17. Rad1 Bh5 18. Qd2 Bxf4 19. Qxf4 Nf6 20. Rd2 Qd7 21. h3 Rae8
22. d5 Bxe2 23. Rxe2 cxd5 24. e5 Nh5 25. Qg5 g6 26. Qe3 b6 27. Qd4 Ng3  0-1

[Event "Olomouc Chess Summer 2024 - D2"]
[Site "Olomouc (CZE), Hotel Flora"]
[Date "2024.08.15"]
[Round "7"]
[Board "17"]
[White "Titera, Libor"]
[Black "Voegerl, Ronald"]
[Result "1/2-1/2"]
[WhiteElo "1794"]
[BlackElo "1948"]
[PlyCount "0"]
[EventDate "2024.08.10"]
[EventRounds "9"]
[EventCountry "CZE"]

1. e4 c5 2. a3 g6 3. Nf3 d6 4. d4 cxd4 5. Nxd4 Nf6 6. Nc3 a6 7. Be2 b5 8. O-O Bb7
9. Qd3 Nbd7 10. Bf3 Ne5 11. Qe2 Bg7 12. Re1 O-O 13. g3 Nxf3+ 14. Nxf3 Nd7 15. Be3
Nc5 16. Bxc5 dxc5 17. Rad1 Qe8 18. e5 Qc6 19. Qe4 Rad8 20. Qxc6 Bxc6 21. Ng5 b4 22.
axb4 cxb4 23. Na2 Bxe5 24. Nxb4 Bb7 25. c3 Rxd1 26. Rxd1 h6 27. Rd7 Bc8 28. Rd5 Bxc3
29. bxc3 hxg5 30. Rxg5 Bf5 31. Nxa6 f6 32. Rxf5 gxf5 33. Nb4 Rc8 34. Nd5 Kf7 35.
Ne3 f4 36. gxf4 Rxc3 37. Kg2 e6 38. f5 e5 39. Kf3 Rc8 40. Kg3 Rg8+ 41. Kf3 Rg5 42.
h4 Rg8 43. Nd5 Rd8 44. Ne3 Kg7 45. Kg3 Rd3 46. Kg2 Rd6 47. Ng4 Rd8 48. Kg3 Rd1 49.
Kg2  1/2-1/2

[Event "Olomouc Chess Summer 2024 - D2"]
[Site "Olomouc (CZE), Hotel Flora"]
[Date "2024.08.15"]
[Round "7"]
[Board "18"]
[White "Kulhavy, Frantisek"]
[Black "Filipik, Jaroslav"]
[Result "1-0"]
[WhiteElo "1889"]
[BlackElo "1777"]
[PlyCount "0"]
[EventDate "2024.08.10"]
[EventRounds "9"]
[EventCountry "CZE"]

1. e4 d5 2. exd5 Nf6 3. d4 Nxd5 4. Nf3 Bg4 5. Be2 e6 6. O-O Bd6 7. h3 Bh5 8. c4 Nf4
9. Bxf4 Bxf4 10. Qb3 Nd7 11. Nc3 O-O 12. Qxb7 Nf6 13. b3 Qd7 14. Rad1 c6 15. Qxd7
Nxd7 16. Nd2 Bg6 17. Nf3 Rac8 18. Bd3 Bh5 19. g4 Bg6 20. Bxg6 fxg6 21. Kg2 Rf7 22.
Ne2 Bb8 23. Ng5 Rf6 24. Ng3 h6 25. N5e4 Rf4 26. f3 a5 27. Ne2 Rff8 28. N2c3 Bf4 29.
Na4 Rfd8 30. Nec5 Nf8 31. Rfe1 Rd6 32. Nb7 Rd7 33. Nxa5 Ra7 34. b4 Bc7 35. Nxc6 Rxa4
36. Ne7+ Kf7 37. Nxc8 Rxa2+ 38. Kf1 Ra8 39. c5 Rxc8 40. b5 Nd7 41. Ra1 Bb8 42. Ra6
e5 43. c6 Nf8 44. d5 Rd8 45. Rd1 Ke8 46. Ke2 Rd6 47. Ra8 Rd8 48. b6  1-0

[Event "Olomouc Chess Summer 2024 - D2"]
[Site "Olomouc (CZE), Hotel Flora"]
[Date "2024.08.15"]
[Round "7"]
[Board "19"]
[White "Tejkal, Jiri"]
[Black "Reichmann, Pavel"]
[Result "1-0"]
[WhiteElo "1882"]
[BlackElo "1786"]
[PlyCount "0"]
[EventDate "2024.08.10"]
[EventRounds "9"]
[EventCountry "CZE"]

1. d4 Nf6 2. c4 c5 3. d5 e6 4. Nc3 exd5 5. cxd5 d6 6. e4 g6 7. Be2 Bg7 8. Nf3 O-O
9. O-O Re8 10. Nd2 a6 11. a4 Nbd7 12. f4 Qc7 13. Kh1 b6 14. Qc2 Bb7 15. Nc4 Re7 16.
Bf3 Ne8 17. Bd2 f6 18. Be1 Rf7 19. Bg4 Nf8 20. Bg3 Bc8 21. Bf3 Bb7 22. Rfe1 Nd7 23.
Rad1 Rd8 24. Bh4 Rb8 25. Bg4 Nf8 26. e5 f5 27. e6 Re7 28. Bxe7 Qxe7 29. Bf3 Ba8 30.
Rb1 Nc7 31. Qd2 a5 32. Ne3 Bf6 33. g4 fxg4 34. Nxg4 Bg7 35. f5 gxf5 36. Nh6+ Bxh6
37. Qxh6 Ng6 38. Rg1 Qg7 39. Qh3 Qf6 40. Rbe1 Kh8 41. Qg3 Re8 42. Qxd6  1-0